000 00327nam a2200133Ia 4500
005 20251222144711.0
008 251222s9999||||xx |||||||||||||| ||spa||
020 _a9972-234-02-9
082 _a344.01/O26A
100 _aObregón Sevillano, Tulio M.
245 0 _aManual Laboral
264 _bInstituto Pacífico
942 _cLIB
999 _c17829
_d17829